000
00284nam a22001337a 4500
008
170306b xxu||||| |||| 00| 0 eng d
020
_a
2320016095400
041
_a
eng
080
_a
575
100
_a
6
101
_a
SHM
245
_a
SCHIZOPHHRENIA
_c
GOTTESMAN.I.I
942
_2
udc
_c
BK
999
_c
6822
_d
6822